What is inequality & why is it important? (Record no. 83102)
[ view plain ]
| 000 -LEADER | |
|---|---|
| fixed length control field | 00676nam a2200157 a 4500 |
| 008 - FIXED-LENGTH DATA ELEMENTS--GENERAL INFORMATION | |
| fixed length control field | 120416s0000 ||||||||||||||||| || u |
| 020 ## - INTERNATIONAL STANDARD BOOK NUMBER | |
| International Standard Book Number | 0335071511 |
| 050 ## - LIBRARY OF CONGRESS CALL NUMBER | |
| Classification number | HM 146 Ope |
| 245 10 - TITLE STATEMENT | |
| Title | What is inequality & why is it important? |
| 246 ## - | |
| -- | The Open University |
| 260 ## - PUBLICATION, DISTRIBUTION, ETC. | |
| Place of publication, distribution, etc. | Milton Keynes |
| Name of publisher, distributor, etc. | Open University Press |
| Date of publication, distribution, etc. | 1976 |
| 300 ## - PHYSICAL DESCRIPTION | |
| Extent | 2v. : ill |
| 350 ## - | |
| -- | 0.00 |
| 995 ## - | |
| -- | ANNEX COLLECTION (Main Library) |
| -- | 0.00 |
| -- | 726683 |
| -- | CBU-MAIN LIBRARY (Kitwe) |
| -- | 1 |
| -- | 1.75 |
| -- | HM 146 Ope |
| -- | AVAILABLE |
| -- | 018243 |
| -- | Annex Low-Usage Collection |
| 995 ## - | |
| -- | ANNEX COLLECTION (Main Library) |
| -- | 0.00 |
| -- | 726708 |
| -- | CBU-MAIN LIBRARY (Kitwe) |
| -- | 2 |
| -- | 1.75 |
| -- | HM 146 Ope |
| -- | AVAILABLE |
| -- | 018236 |
| -- | Annex Low-Usage Collection |
| 999 ## - | |
| -- | 83102 |
| -- | 83102 |
| Withdrawn status | Lost status | Source of classification or shelving scheme | Damaged status | Not for loan | Permanent Location | Current Location | Shelving location | Date acquired | Total Checkouts | Full call number | Barcode | Date last seen | Copy number | Price effective from | Koha item type |
|---|---|---|---|---|---|---|---|---|---|---|---|---|---|---|---|
| CBU-MAIN LIBRARY, KITWE. | CBU-MAIN LIBRARY, KITWE. | 10/25/2023 | HM 146 Ope | 018243 | 10/25/2023 | 1 | 10/25/2023 | MONOGRAPH | |||||||
| CBU-MAIN LIBRARY, KITWE. | CBU-MAIN LIBRARY, KITWE. | 10/25/2023 | HM 146 Ope | 018236 | 10/25/2023 | 2 | 10/25/2023 | MONOGRAPH |